00474pab a2200145 454500008004000000100002000040245011400060260000900174300001400183362000800197650003000205650001400235700001800249773006100267180718b2001 xxu||||| |||| 00| 0 eng d aPattie, Charles aLosing the voter's trust: evaluations of the political system and voting at the 1997 British general election c2001 ap.191-222 aJun aElections - Great Britain aElections aJohnston, Ron aBritish Journal of Political and International Relations